00441nam a2200169 a 4500001000400000003000900004008004100013040002800054082000900082100002300091245004100114260004400155300001400199650002900213942001200242999001700254156CO-ViMGA141112s2004 ck r 000 u spa d aCO-ViMGAbspacCO-ViMGA aKASe1 aKasza, Keiko9287210aEl estofado del lobo / cKeiko Kasza aSantafé de Bogotá : bNorma, c1993 a30 p : il14aCUENTOS INFANTILES92743 2ddccBK c10478d10478